مكتبة جامعة عجلون الوطنية

فهرس بحث المكتبة

اثر ذكاء الأعمال على كفاءة العمليات التشغيلية في مصانع الألبان السعودية = The Impact of Business Intelligence on The Efficiency of Operational Processes in Saudi Dairy Factories (Record no. 33976)

MARC details
000 -LEADER
fixed length control field 01024nam a22001937a 4500
003 - CONTROL NUMBER IDENTIFIER
control field JO-AjAnu
005 - DATE AND TIME OF LATEST TRANSACTION
control field 20250923090841.0
008 - FIXED-LENGTH DATA ELEMENTS--GENERAL INFORMATION
fixed length control field 250922b jo ||||| |||| 00| 0 ara d
040 ## - CATALOGING SOURCE
Original cataloging agency anu
Transcribing agency JO-AjAnu
041 ## - LANGUAGE CODE
Language code of original ara
100 ## - MAIN ENTRY--PERSONAL NAME
Personal name المنديل، احمد طلال عبدالله
Relator term معد
9 (RLIN) 66648
245 ## - TITLE STATEMENT
Title اثر ذكاء الأعمال على كفاءة العمليات التشغيلية في مصانع الألبان السعودية = The Impact of Business Intelligence on The Efficiency of Operational Processes in Saudi Dairy Factories
Statement of responsibility, etc. / اعداد احمد طلال عبدالله المنديل ؛ اشراف هشام علي شطناوي
260 ## - PUBLICATION, DISTRIBUTION, ETC.
Date of publication, distribution, etc. 2025
300 ## - PHYSICAL DESCRIPTION
Extent 107 ورقة
500 ## - GENERAL NOTE
General note رسالة جامعية (رسالة ماجستير في ادارة الأعمال) كلية الأعمال / جامعة عجلون الوطنية؛ 2025
650 ## - SUBJECT ADDED ENTRY--TOPICAL TERM
Form subdivision ذكاء الأعمال-إدارة اعمال
700 ## - ADDED ENTRY--PERSONAL NAME
Personal name شطناوي، هشام علي
9 (RLIN) 64974
Relator term مشرف
942 ## - ADDED ENTRY ELEMENTS (KOHA)
Source of classification or shelving scheme Library of Congress Classification
Koha item type Thesis
Suppress in OPAC No
Holdings
Withdrawn status Lost status Source of classification or shelving scheme Damaged status Not for loan Home library Current library Date acquired Total Checkouts Full call number Barcode Date last seen Price effective from Koha item type
    Library of Congress Classification     مكتبة جامعة عجلون الوطنية مكتبة جامعة عجلون الوطنية 22/09/2025   HD30.2.2025 A30378 22/09/2025 22/09/2025 Thesis
    Library of Congress Classification     مكتبة جامعة عجلون الوطنية مكتبة جامعة عجلون الوطنية 22/09/2025   HD30.2.2025 A30377 22/09/2025 22/09/2025 Thesis